| 000 | 00875nam a2200265Ia 4500 | ||
|---|---|---|---|
| 003 | GCL | ||
| 008 | 140319s9999 xx 000 0 ara d | ||
| 020 | _a4143339977 | ||
| 040 |
_aGCL / _cGCL |
||
| 082 | 0 | 4 |
_a770 _bع س |
| 100 | 1 | _aعبدالباسط سلمان | |
| 245 | 1 | 0 |
_aسحر التصوير فن واعلام / _cعبدالباسط سلمان |
| 260 |
_aالقاهرة : _bالدار الثقافية للنشر ، _c2005 |
||
| 300 |
_a263 ص ؛ _c25 سم |
||
| 650 | 0 | 4 | _aعدسات التصوير |
| 650 | 0 | 4 | _aالتصوير الملون |
| 650 | 0 | 4 | _aالتصوير |
| 650 | 0 | 4 | _aالتصوير السينمائى |
| 650 | 0 | 4 | _aالتصوير الصحفى |
| 650 | 0 | 4 | _aالتصوير التليفزيونى |
| 650 | 0 | 4 | _aالتصوير الضوئى |
| 650 | 0 | 4 | _aالمصورون |
| 650 | 0 | 4 | _aالالات التصوير |
| 942 |
_2ddc _cBK |
||
| 999 |
_c36738 _d36738 |
||